| 000 | 00654nam a2200181Ia 4500 | ||
|---|---|---|---|
| 008 | 090201s9999 xx 000 0 und d | ||
| 010 | _aKPL-71896 | ||
| 040 | _bमराठी | ||
| 041 | _aमराठी | ||
| 082 |
_a52166 _b71896 |
||
| 100 | _aमंदाकिनी अष्टीकर | ||
| 245 |
_aस्वर सुरांची स्मृती आगळी ! _cमंदाकिनी अष्टीकर |
||
| 250 | _a1 | ||
| 260 |
_c2007 _bनिशिगंधा प्रकाशन |
||
| 300 |
_a216 _bलहान |
||
| 600 | _aस्वर सुरांची स्मृती आगळी ! | ||
| 942 | _cBOOK | ||
| 999 |
_c248614 _d248614 |
||